The heredity of the dimensions, the weight, and the indices (size and form) of the seeds of Phaseolus vulgaris.

Bibliographic Details
Main Author: Frets, G. P. (Gerrit Pieter), 1879-
Format: Book
Language:English
Published: The Hague : Nijhoff, 1954.
Subjects:

MARC

Tag First Indicator Second Indicator Subfields
LEADER 00000cam a2200000 4500
001 in00000049322
005 20151007071648.0
008 800604s1954 ne a b 00000 enge
010 |a  55015225  
035 |a (OCoLC)06385834 
035 |9 AAE6395AM 
040 |a DLC  |c TXA  |d TXA  |d UtOrBLW 
049 |a TXAM  |c [253765] 
050 0 |a QH431  |b .F86 
092 |a 575.1  |b F888h 
100 1 |a Frets, G. P.  |q (Gerrit Pieter),  |d 1879- 
245 1 4 |a The heredity of the dimensions, the weight, and the indices (size and form) of the seeds of Phaseolus vulgaris. 
264 1 |a The Hague :  |b Nijhoff,  |c 1954. 
300 |a 80 pages :  |b diagrams, tables. ;  |c 25 cm. 
336 |a text  |b txt  |2 rdacontent 
337 |a unmediated  |b n  |2 rdamedia 
338 |a volume  |b nc  |2 rdacarrier 
504 |a Bibliography: pages [79]-80. 
650 0 |a Heredity. 
650 0 |a Beans. 
650 0 |a Kidney bean. 
999 |a MARS 
999 f f |s cdfc04ea-9c3c-3f5a-ae77-909eaa37915d  |i 3f431b03-f67d-3d31-84ad-b60531802ec8  |t 0 
952 f f |p ric  |a Texas A&M University  |b Rellis Campus  |c Joint Library Facility  |d Remote Storage  |t 0  |e QH431 .F86  |h Library of Congress classification  |i unmediated -- volume  |m A14800978470 
998 f f |a QH431 .F86  |t 0  |l Remote Storage